Nhật ký trong tù

Phần thứ 1 của quyển sách giới thiệu bản gốc bút tích và bản dịch của tác phẩm Nhật ký trong tù; Phần thứ 2 giới thiệu 60 bài viết nghiên cứu về Nhật ký trong tù, các ảnh tư liệu minh họa liên quan đến nhật ký trong tù......

Täydet tiedot

Tallennettuna:
Bibliografiset tiedot
Päätekijä: Hồ, Chí Minh
Aineistotyyppi: Kirja
Kieli:Undetermined
Julkaistu: Hà Nội Chính trị Quốc gia 2008
Aiheet:
Tagit: Lisää tagi
Ei tageja, Lisää ensimmäinen tagi!
Thư viện lưu trữ: Trung tâm Học liệu Trường Đại học Cần Thơ
LEADER 00990nam a2200229Ia 4500
001 CTU_139983
008 210402s9999 xx 000 0 und d
020 |c 70000 
082 |a 895.922109 
082 |b M312 
100 |a Hồ, Chí Minh 
245 0 |a Nhật ký trong tù 
245 0 |c Hồ Chí Minh 
260 |a Hà Nội 
260 |b Chính trị Quốc gia 
260 |c 2008 
520 |a Phần thứ 1 của quyển sách giới thiệu bản gốc bút tích và bản dịch của tác phẩm Nhật ký trong tù; Phần thứ 2 giới thiệu 60 bài viết nghiên cứu về Nhật ký trong tù, các ảnh tư liệu minh họa liên quan đến nhật ký trong tù... 
650 |a Vietnamese poetry,Thơ ca Việt Nam,Vietnamese poetry 
650 |x History and criticism 
650 |y 20th century 
904 |i Hạ Nguyên 
980 |a Trung tâm Học liệu Trường Đại học Cần Thơ